| 000 | 00819cam a2200181 a 4500 | ||
|---|---|---|---|
| 020 | _a0784402078 | ||
| 082 | 0 | 0 |
_a624.151 _bDES |
| 245 | 0 | 0 |
_aDesign with residual materials : _bgeotechnical and construction considerations : proceedings of sessions sponsored by the Geo-Institute of the American Society of Civil Engineers in conjunction with the ASCE National Convention, November 10-14, 1996 / _cedited by Gordon Matheson. |
| 260 |
_aNew York : _bAmerican Society of Civil Engineers, _cc1996. |
||
| 300 |
_avii, 76 p. : _bill., maps ; _c22 cm. |
||
| 526 |
_a0 _b0 _c0 _d624_151000000000000_DES |
||
| 650 | 0 | _aEngineering geology. | |
| 650 | 0 |
_aMCE _9379 |
|
| 650 | 0 |
_aResidual materials (Geology) _946648 |
|
| 700 | 1 |
_aMatheson, Gordon. _946649 |
|
| 710 | 2 |
_aAmerican Society of Civil Engineers. _9702 |
|
| 942 |
_2ddc _cBK |
||
| 999 |
_c549923 _d549923 |
||